Viajes de arte por América Central /

Guardat en:
Dades bibliogràfiques
Autor principal: La Orden Miracle, Ernesto
Format: Desconegut
Idioma:Spanish
Publicat: San José, Costa Rica : Instituto Costarricense de Cultura Hispánica, 1976.
Matèries:
Etiquetes: Afegir etiqueta
Sense etiquetes, Sigues el primer a etiquetar aquest registre!

MARC

LEADER 000000000a22000000004500
001 003688
041 0 |a spa 
082 0 4 |a 709.728.6   |b L298v 
100 1 |a La Orden Miracle, Ernesto 
245 1 0 |a Viajes de arte por América Central /   |c Ernesto La Orden Miracle. 
260 1 |a San José, Costa Rica :   |b Instituto Costarricense de Cultura Hispánica,   |c 1976. 
300 |a 134 páginas ;   |c 18 x 12 cm. 
500 |a La biblioteca posee otro ejemplar con número de inscripción 14183 
650 4 |a ARTE CENTROAMERICANO 
999 |c 10156  |d 10156 
942 |c BK  |h 709.728.6 L298v  |2 z